000 00591nam a2200205Ia 4500
005 20250923145601.0
008 008 250917s9999 xx 000 0 eng d
037 _aTextual
040 _aDSWL
_beng
_cDSWL
041 _aeng
_2eng
084 _aL:14:(Y), N80;1
_qDSWL
100 _aAdvani, Mohan
_9836857
245 0 _aDoctor-Patient relationship in India - Hospitals
_c by Mohan Advani
260 _aJaipur
_bSanghi Prakashan
_c1980
300 _ax,136p.
365 _aINR
_b60
925 _g60
942 _cTEXL
_hL:14:(Y), N80;1
999 _c1453141
_d1453141